000 00649nam a2200193Ii 4500
003 JO-AjNU
008 230605s9999||||xx |||||||||||||| ||und||
040 _aJO-AjNU
_bara
_erda
_cJO-AjNU
041 _aara
050 1 4 _aBP76.8.A72
100 3 _aالعقاد، عباس محمود,
_eauthor
_940511
245 0 0 _aعائشة الصديقة بنت الصديق
264 3 1 _aبيروت: المكتبة العصرية، د.ت
300 _a88ص
336 _atext
_btxt
_2rdacontent
337 _aunmediated
_bn
_2rdamedia
338 _avolume
_bnc
_2rdacarrier
650 4 _aعائشة بنت ابي بكر- الصحابة والتابعون
_940512
999 _aA17198
_c20766
_d20766